Experiments for electronic principles / (Record no. 181333)

000 -LEADER
fixed length control field 01295 a2200193 4500
003 - CONTROL NUMBER IDENTIFIER
control field Nust
005 - DATE AND TIME OF LATEST TRANSACTION
control field 20221121172736.0
020 ## - INTERNATIONAL STANDARD BOOK NUMBER
International Standard Book Number 070398402
040 ## - CATALOGING SOURCE
Transcribing agency Nust
082 ## - DEWEY DECIMAL CLASSIFICATION NUMBER
Classification number 621.381,MAL
100 ## - MAIN ENTRY--PERSONAL NAME
Personal name Malvion Albert Paul
9 (RLIN) 103300
245 ## - TITLE STATEMENT
Title Experiments for electronic principles /
Statement of responsibility, etc. Albert Paul Malvion & Gregory F Johnson
260 ## - PUBLICATION, DISTRIBUTION, ETC.
Place of publication, distribution, etc. McGraw-Hill Book Company
Name of publisher, distributor, etc. New York
Date of publication, distribution, etc. 1973
300 ## - PHYSICAL DESCRIPTION
Extent 229 p
Other physical details illus
Dimensions 24 cm
505 ## - FORMATTED CONTENTS NOTE
Formatted contents note Current and Voltage Sources (Page-1), Thevenin’s Theorem (Page-5), Semiconductor Theory (Page-9), PN Junction (Page-13), The Diode Curve(Page-17), Diode Approximations (Page-23), The Half Wave Rectifier (Page-27), Clippers and Peak Rectifiers (Page-33), Clamping Actions (Page-39), The CE Connection (Page-45), Collector Curves (Page-49) Base Bias (Page-53), Voltage Divider and Emitter Bias (Page-59), Collector Feedback Bias (Page-63), other Negative Feedback Circuits (Page-187), Gain Bandwidth Product (Page-193), The Wien Bridge Oscillator (Page-197), The LC Oscillator (Page-201), Harmonic Distortion (Page-205), The Frequency Mixer (Page-211), Amplitude Modulation (Page-217), The Envelope Detector (Page-221), Voltage Regulation (Page-225).
600 ## - SUBJECT ADDED ENTRY--PERSONAL NAME
Personal name Malvion Albert Paul
9 (RLIN) 103300
650 ## - SUBJECT ADDED ENTRY--TOPICAL TERM
Topical term or geographic name entry element Telecommunication Engineering
942 ## - ADDED ENTRY ELEMENTS (KOHA)
Source of classification or shelving scheme
Koha item type Book
Holdings
Withdrawn status Lost status Source of classification or shelving scheme Damaged status Not for loan Permanent Location Current Location Shelving location Date acquired Full call number Barcode Date last seen Price effective from Koha item type Public note
          Military College of Signals (MCS) Military College of Signals (MCS) General Stacks 12/12/2016 621.381,MAL MCS5480 12/08/2016 12/12/2016 Book Almirah No.31, Shelf No.4
© 2023 Central Library, National University of Sciences and Technology. All Rights Reserved.